000 00925nam a2200193Ii 4500
003 JO-AjNU
008 230605s9999||||xx |||||||||||||| ||und||
040 _aJO-AjNU
_bara
_erda
_cJO-AjNU
041 _aara
050 1 4 _aZ699 2016
100 3 _aاعداد بنان كمال نجادات، فاطمه خالد المومني، اسماء الخطيب؛ اشراف غازي الشقاح,
_eauthor
_958325
245 0 0 _aنظام ارشفة ديوان كلية تكنولوجيا المعلومات
264 3 1 _aعجلون: جامعة عجلون الوطنيه، 2016
300 _a28ص
_bمشروع تخرج جامعة عجلون الوطنيه ( عجلون ، الاردن) كلية تكنولوجيا المعلومات ، 2016
336 _atext
_btxt
_2rdacontent
337 _aunmediated
_bn
_2rdamedia
338 _avolume
_bnc
_2rdacarrier
650 4 _aانظمة المعلومات - نظام الارشفه
_958326
999 _aA26186
_c29754
_d29754